| 000 | 01041nam a2200277 a 4500 | ||
|---|---|---|---|
| 003 | EG-GiCUC | ||
| 005 | 20250223030422.0 | ||
| 008 | 110530s1996 ua h f m 000 0 eng d | ||
| 040 |
_aEG-GiCUC _beng _cEG-GiCUC |
||
| 041 | 0 | _aeng | |
| 049 | _aDeposite | ||
| 097 | _aM.Sc | ||
| 099 | _aCai01.11.31.M.Sc.1996.As.H | ||
| 100 | 0 | _aAshraf Albert Ayad | |
| 245 | 1 | 0 |
_aHepatocellular carcinoma: Detection by iodized oil / _cAshraf Albert Ayad ; Supervised Hatem Mostafa El-Gabaly , Mamdouh Mahfouz Ali |
| 246 | 1 | 5 | _aسرطان الكبد و اكتشافه بواسطة صبغة الزيت الأيودى |
| 260 |
_aCairo : _bAshraf Albert Ayad , _c1996 |
||
| 300 |
_a94 Leaves : _bfacsimiles ; _c30cm |
||
| 502 | _aThesis (M.Sc.) - Cairo University - Faculty of Medicine - Department of Radio-diagnosis | ||
| 700 | 0 |
_aHatem Mostafa Elgabaly , _eSupervisor |
|
| 700 | 0 |
_aMamdouh Mahfouz Ali , _eSupervisor |
|
| 856 | _uhttp://172.23.153.220/th.pdf | ||
| 905 |
_aOlfat _eRevisor |
||
| 905 |
_aSamia _eCataloger |
||
| 942 |
_2ddc _cTH |
||
| 999 |
_c34275 _d34275 |
||